|
|
|
|
| LEADER |
00000nam0a2200000 4500 |
| 001 |
322165 |
| 005 |
20231102003440.0 |
| 035 |
|
|
|a (RuTPU)RU\TPU\book\347721
|
| 035 |
|
|
|a RU\TPU\book\347741
|
| 035 |
|
|
|a RU\TPU\book\347731
|
| 090 |
|
|
|a 322165
|
| 100 |
|
|
|a 20160919d1983 k y0rusy50 ca
|
| 101 |
0 |
|
|a rus
|
| 102 |
|
|
|a RU
|
| 105 |
|
|
|a a p 000zy
|
| 200 |
1 |
|
|a Синтез и исследование новых лекарственных препаратов, действующих на центральную нервную систему. Создать препарат стампирин. Разработка метода синтеза, создание лекарственной формы и доклиническое исследование фармакологической активности препарата стампирин
|e отчет о НИР промежуточный
|f Томский политехнический институт (ТПИ) ; руководитель темы А. Г. Печенкин ; исполнители С. Г. Медведева, Г. А. Арбит, Т. В. Антонова и др.
|
| 210 |
|
|
|a Томск
|c [Б. и.]
|d 1983
|
| 215 |
|
|
|a 106 л.
|c ил.
|
| 371 |
0 |
|
|a For_staff_use
|
| 606 |
1 |
|
|a Лекарственные препараты
|2 stltpush
|3 (RuTPU)RU\TPU\subj\78941
|9 87886
|
| 610 |
1 |
|
|a синтез
|
| 610 |
1 |
|
|a доклинические исследования
|
| 610 |
1 |
|
|a стампирин
|
| 610 |
1 |
|
|a фармакологическая активность
|
| 610 |
1 |
|
|a лекарственные формы
|
| 610 |
1 |
|
|a отчеты о НИР
|
| 610 |
1 |
|
|a труды учёных ТПУ
|
| 675 |
|
|
|a 615(04)
|v 4
|
| 702 |
|
1 |
|a Печенкин
|b А. Г.
|4 673
|
| 702 |
|
1 |
|a Медведева
|b С. Г.
|4 677
|
| 702 |
|
1 |
|a Арбит
|b Г. А.
|c химик
|c инженер-проектировщик Томского политехнического университета,
|f 1943-
|g Галина Александровна
|2 stltpush
|3 (RuTPU)RU\TPU\pers\36209
|4 677
|
| 702 |
|
1 |
|a Антонова
|b Т. В.
|4 677
|
| 712 |
0 |
2 |
|a Томский политехнический институт (ТПИ)
|c (1944-1991)
|2 stltpush
|3 (RuTPU)RU\TPU\col\1123
|
| 801 |
|
1 |
|a RU
|b 63413507
|c 20160919
|
| 801 |
|
2 |
|a RU
|b 63413507
|c 20190624
|g RCR
|
| 942 |
|
|
|c BK
|